| 000 -LEADER |
| fixed length control field |
01283cam a2200289 a 4500 |
| 020 ## - INTERNATIONAL STANDARD BOOK NUMBER |
| ISBN |
0471706256 (pbk.) |
| 040 ## - CATALOGING SOURCE |
| Transcribing agency |
JFN |
| 082 04 - DEWEY DECIMAL CLASSIFICATION NUMBER |
| Classification number |
332 WIL 2002 A072 Or. |
| 100 1# - MAIN ENTRY--AUTHOR NAME |
| Personal name |
Miller, Ross M. |
| 245 10 - TITLE STATEMENT |
| Title |
Experimental economics : |
| Remainder of title |
how we can build better financial markets / |
| 246 30 - VARYING FORM OF TITLE |
| Title proper/short title |
How we can build better financial markets |
| 260 ## - PUBLICATION, DISTRIBUTION, ETC. (IMPRINT) |
| Place of publication |
New York : |
| Name of publisher |
Wiley, |
| Year of publication |
c2002. |
| 300 ## - PHYSICAL DESCRIPTION |
| Number of Pages |
xxii, 314 p. : |
| Other physical details |
ill. ; |
| Dimensions |
23 cm. |
| 500 ## - GENERAL NOTE |
| General note |
Originally published: Paving Wall Street : experimental economics and the quest for the perfect market. New York : Wiley, c2002. |
| 500 ## - GENERAL NOTE |
| General note |
"Chronology of major events": p. xix-xxii. |
| 520 ## - SUMMARY, ETC. |
| Summary, etc |
An account of the new developments in economics: the scientific roots of modern finance and modern financial institutions; and the complex economic principles that govern our world of finance--P. [4] of cover. |
| 650 #0 - SUBJECT ADDED ENTRY--TOPICAL TERM |
| Topical Term |
Stock exchanges. |
| 650 #0 - SUBJECT ADDED ENTRY--TOPICAL TERM |
| Topical Term |
Options (Finance) |
| 650 #0 - SUBJECT ADDED ENTRY--TOPICAL TERM |
| Topical Term |
Capital market. |
| 650 #0 - SUBJECT ADDED ENTRY--TOPICAL TERM |
| Topical Term |
Experimental economics. |
| 650 #0 - SUBJECT ADDED ENTRY--TOPICAL TERM |
| Topical Term |
Economics. |
| 700 1# - ADDED ENTRY--PERSONAL NAME |
| Personal name |
Miller, Ross M. |
| 856 41 - ELECTRONIC LOCATION AND ACCESS |
| Uniform Resource Identifier |
http://www.loc.gov/catdir/toc/fy053/2005297240.html |
| 856 42 - ELECTRONIC LOCATION AND ACCESS |
| Uniform Resource Identifier |
http://www.loc.gov/catdir/bios/wiley043/2001045383.html |
| 856 42 - ELECTRONIC LOCATION AND ACCESS |
| Uniform Resource Identifier |
http://www.wiley.com/WileyCDA/WileyTitle/productCd-0471706256.html |
| 942 ## - ADDED ENTRY ELEMENTS (KOHA) |
| Koha item type |
សៀវភៅភាសាអង់គ្លេស |
| 952 ## - LOCATION AND ITEM INFORMATION (KOHA) |
| Withdrawn status [LOCAL, KOHA] |
0 |